000 00637cab a2200205 4500
001 ABS45209
008 090401t1991 xxu||||| |||| 00| 0 eng d
035 _a(Sirsi) u51533
041 _aeng
100 _aGreen, S.D.
245 _aValue engineering during early design
260 _c1991
350 _a0
490 _aFacilities
_v9(9) October 1991, 10-13(4)
520 _aConsiders the growing use of value engineering in building design to ensure value for money. Lays down a value engineering methodology.
650 _aVALUE ENGINEERING
690 _aBUILT ENVIRONMENT-BUILDING COSTS
942 _n0
948 _c04/03/1997
999 _c31994
_d31994